| 000 | | | 03698nmc2a2200000 x 450 |
| 001 | | | d2c675ca-ebb3-4513-946c-161b3b49f912 |
| 005 | | | 20151217153410.0 |
| 100 | ## | $a | 20150624l18511900k l0rusy0189 ca |
| 101 | 0# | $a | rus |
| 102 | ## | $a | RU |
| 200 | 1# | $a | Эскизы (генеральный и частные планы) к проекту переустройства главного корпуса Иркутского института императора Николая I и возведения при нем пристройки |
| | $j | вторая половина 19 века |
| 251 | ## | $c | Дело |
| 300 | ## | $a | Подпись: архитектор Кузнецов. Акварель и тушь с карандашными поправками |
| 801 | #0 | $a | RU |
| | $b | РГИА |
| | $c | 20150624 |
| | $g | RCR |
| 801 | #1 | $a | RU |
| | $b | ГлавНИВЦ |
| | $c | 20150624 |
| | $2 | rusmarc |
| 801 | #2 | $a | RU |
| | $b | ПБ им. Б.Н. Ельцина |
| | $c | 20151217 |
| | $g | RCR |
| | $2 | rusmarc |
| 850 | ## | $a | РГИА |
| 852 | ## | $a | РГИА |
| | $e | Федеральное казенное учреждение "Российский государственный исторический архив" (РГИА) |
| | $j | 101 |
| 937 | ## | $h | РГИА |
| | $d | 12099995 |
| | $a | ASBIBLIO_SCAN |
| 462 | #0 | $1 | 001b3333ac2-de4a-40fa-bb25-edef65d9be9f |
| | $1 | 2001 |
| | $a | Планы зданий Ведомства учреждений императрицы Марии |
| | $1 | 251 |
| | $c | Опись |
| | $1 | 852 |
| | $j | 95 |
| 461 | #0 | $1 | 001fd239d76-f3be-4e65-bf12-40524fd81eef |
| | $1 | 2001 |
| | $a | Собственная его императорского величества канцелярия по учреждениям императрицы Марии |
| | $1 | 251 |
| | $c | Фонд |
| | $1 | 852 |
| | $j | 759 |
| 215 | ## | $a | 4 л. |
| | $c | план. |
| | $d | 72х56 см |
| 371 | ## | $a | Документ не является опубликованным и широко распространяемым |
| 105 | ## | $a | e### |
| 122 | 2# | $a | d |
| 035 | ## | $a | d2c675ca-ebb3-4513-946c-161b3b49f912 |